Statistics for Daphne du Maurier Bibliography

Click here to take the quiz!

General Stats

  • This quiz has been taken 25 times
  • The average score is 9 of 56

Answer Stats

TypeYearName% Correct
Novel1938Rebecca
90%
Play1940Rebecca
90%
Novel1936Jamaica Inn
86%
Novel1951My Cousin Rachel
71%
Novella1952The Birds
62%
Novel1941Frenchman's Creek
52%
Novel1969The House on the Strand
48%
Short Story1971Don't Look Now
33%
Short Story Collection1971Not After Midnight
33%
Novel1946The King's General
33%
Novel1931The Loving Spirit
33%
Novel1957The Scapegoat
33%
Non-Fiction Book1934Gerald: A Portrait
24%
Novel1943Hungry Hill
24%
Collaborative Novel1961Castle Dor
19%
Novel1972Rule Britannia
19%
Novel1932I'll Never Be Young Again
14%
Novel1954Mary Anne
14%
Novel1965The Flight of the Falcon
14%
Novel1963The Glass-Blowers
14%
Novel1933The Progress of Julius
14%
Short Story Collection1952The Birds and Other Stories
10%
Non-Fiction Book1937The du Mauriers
10%
Non-Fiction Book1977Growing Pains - the Shaping of a Writer
5%
Short Story1952Kiss Me Again, Stranger
5%
Short Story1952The Apple Tree
5%
Short Story Collection1959The Breaking Point
5%
Short Story Collection2011The Doll: The Lost Short Stories
5%
Non-Fiction Book1960The Infernal World of Branwell Brontë
5%
Novel1949The Parasites
5%
Non-Fiction Book1967Vanishing Cornwall
5%
Short Story1971A Border Line Case
0%
Anthology1987Classics of the Macabre
0%
Short Story Collection1940Come Wind, Come Weather
0%
Memoir1989Enchanted Cornwall: Her Pictorial Memoir
0%
Short Story1959Ganymede
0%
Non-Fiction Book1975Golden Lads: Sir Francis Bacon, Anthony Bacon and their Friends
0%
Short Story1940Happy Christmas
0%
Short Story1952Monte Verità
0%
Short Story1971Not After Midnight
0%
Play1948September Tide
0%
Short Story1959The Alibi
0%
Short Story1959The Archduchess
0%
Short Story1959The Blue Lenses
0%
Short Story1971The Breakthrough
0%
Short Story1959The Chamois
0%
Short Story1952The Little Photographer
0%
Short Story1959The Lordly Ones
0%
Short Story1959The Menace
0%
Short Story1952The Old Man
0%
Short Story1959The Pool
0%
Short Story Collection1980The Rendezvous and Other Stories
0%
Short Story1971The Way of the Cross
0%
Non-Fiction Book1976The Winding Stair: Francis Bacon, His Rise and Fall
0%
Play1945The Years Between
0%
Letter Collection1951The Young George du Maurier: A Selection of His Letters
0%

Score Distribution

Percentile by Number Answered

Percent of People with Each Score

Your Score History

You have not taken this quiz